[Event "4NCL Division 1c"]
[Site "Telford, ENG"]
[Date "2018.03.18"]
[Round "8.33"]
[White "Wu, Christopher"]
[Black "Fitzsimons, David"]
[Result "0-1"]
[WhiteElo "2357"]
[BlackElo "2325"]
[PlyCount "110"]
[EventDate "2018.03.18"]
[WhiteTeam "Oxford 1"]
[BlackTeam "Wood Green HK"]

1. d4 Nf6 2. c4 g6 3. Nc3 Bg7 4. e4 d6 5. h3 O-O 6. Be3 e5 7. d5 Na6 8. g4 Nc5
9. Bg2 a5 10. Nge2 h5 11. g5 Nfd7 12. O-O Nb6 13. b3 a4 14. Qc2 f5 15. gxf6
Qxf6 16. Rab1 axb3 17. axb3 Qh4 18. Kh2 g5 19. Qd2 Bf6 20. f3 g4 21. fxg4 hxg4
22. Ng3 gxh3 23. Bh1 Nxb3 24. Rxb3 Nxc4 25. Qe2 Nxe3 26. Qxe3 Bg5 27. Rxf8+
Kxf8 28. Qf2+ Bf4 29. Nb5 Ra1 30. Rd3 Rc1 31. Nd4 Ke7 32. Nde2 Rc2 33. Rc3 Rxc3
34. Nxc3 Bg4 35. Bf3 Qxg3+ 36. Qxg3 Bxf3 37. Kxh3 Bxg3 38. Kxg3 Bh5 39. Kf2 c5
40. dxc6 bxc6 41. Ke3 Bf7 42. Ne2 d5 43. exd5 cxd5 44. Kd3 Bg6+ 45. Ke3 Kd6 46.
Nc1 d4+ 47. Kd2 Kd5 48. Ne2 Kc4 49. Ng3 e4 50. Nf1 Bh5 51. Ng3 e3+ 52. Ke1 Bg6
53. Ke2 Kc3 54. Ke1 d3 55. Kd1 Kb2 0-1

[Event "4NCL Division 1c"]
[Site "Telford, ENG"]
[Date "2018.03.18"]
[Round "8.37"]
[White "Asenov, Pavel"]
[Black "Valdes Escobar, Alvaro"]
[Result "0-1"]
[WhiteElo "2245"]
[BlackElo "2381"]
[PlyCount "84"]
[EventDate "2018.03.18"]
[WhiteTeam "Oxford 1"]
[BlackTeam "Wood Green HK"]

1. d4 Nf6 2. c4 e6 3. Nc3 Bb4 4. e3 O-O 5. Nge2 d5 6. a3 Be7 7. cxd5 exd5 8.
Nf4 c6 9. Bd3 Re8 10. O-O Nbd7 11. f3 Nf8 12. Bc2 Bd6 13. e4 dxe4 14. fxe4 Bg4
15. Qd3 c5 16. e5 cxd4 17. exd6 dxc3 18. Qd4 Rc8 19. bxc3 Rc6 20. Qxa7 Qxd6 21.
Qf2 Ne4 22. Bxe4 Rxe4 23. h3 Be6 24. Rb1 Bc4 25. Re1 Rxe1+ 26. Qxe1 g5 27. Ne2
Qd3 28. Rb2 Re6 29. Bxg5 Rxe2 30. Rxe2 Qxe2 31. Qg3 Qf1+ 32. Kh2 Qd3 33. Qb8
Qg6 34. Be7 Qg7 35. Qd8 f5 36. Bd6 Bd5 37. g3 Bc6 38. Qb8 Qf7 39. Kg1 Kg7 40.
Be5+ Kg6 41. Qd8 Ne6 42. Qh4 Ng5 0-1

[Event "4NCL Division 1c"]
[Site "Telford, ENG"]
[Date "2018.03.18"]
[Round "8.45"]
[White "Purton, Ben J"]
[Black "Arkell, Keith C"]
[Result "0-1"]
[WhiteElo "2112"]
[BlackElo "2413"]
[PlyCount "118"]
[EventDate "2018.03.18"]
[WhiteTeam "Grantham Sharks 1"]
[BlackTeam "Cheddleton 1"]

1. e4 c5 2. Nf3 d6 3. Bb5+ Nd7 4. O-O Ngf6 5. e5 dxe5 6. Nxe5 a6 7. Nxd7 Bxd7
8. Bxd7+ Qxd7 9. Nc3 e6 10. d3 Be7 11. Qf3 O-O 12. Re1 b5 13. Bg5 h6 14. Bf4
Rfd8 15. Be5 Nd5 16. Qg4 Bf8 17. Nxd5 Qxd5 18. Re3 g6 19. c4 bxc4 20. dxc4 Qd2
21. Bc3 Qd6 22. Be5 Qe7 23. Rd1 Qg5 24. Qe2 Rxd1+ 25. Qxd1 Rd8 26. Qa4 Bg7 27.
Bxg7 Kxg7 28. g3 Rd2 29. Rf3 Qe5 30. Qe8 Qc7 31. Qa8 Rxb2 32. Qxa6 Qd7 33. Kg2
Rc2 34. Qb5 Qa7 35. a3 Rd2 36. Qc6 Rd1 37. Qe4 Rd4 38. Qe5+ Kh7 39. Qf6 Kg8 40.
Rb3 Qa8+ 41. f3 Rd8 42. Qe7 Qa5 43. Rb7 Rf8 44. Rb5 Qd2+ 45. Kh3 Qd3 46. f4
Qf1+ 47. Kg4 Qxc4 48. Rxc5 Qa2 49. Kh3 Qxa3 50. Rc7 Qf3 51. Rd7 Qf1+ 52. Kg4
Qe2+ 53. Kh3 Kg7 54. Rc7 Qf1+ 55. Kg4 Qe2+ 56. Kh3 Qh5+ 57. Kg2 Qd5+ 58. Kh3
Qf5+ 59. Kh4 Qh5# 0-1